| 000 | 01992cam a2200397 i 4500 | ||
|---|---|---|---|
| 001 | 40514 | ||
| 003 | Mx-PuUPA | ||
| 005 | 20211013114143.0 | ||
| 008 | 140415s2014 mx fr 001 0 spa d | ||
| 020 |
_a9786075151373 _qobra completa |
||
| 040 |
_aMx-PuUPA _bspa _cMx-PuUPA _dMx-PuUPA _erda |
||
| 041 | 1 |
_aspa _agre _alat _abyn |
|
| 100 | 0 |
_aAristotle, _91836 _eautor |
|
| 245 | 1 | 3 |
_aMetafísica / _cAristóteles ; traducción de Tomás de Aquino, Jorge Morán ; edición de Oscar Jiménez |
| 246 | 1 | 8 |
_aMetafísica : _bAristóteles |
| 264 | 1 |
_aMéxico : _bUniversidad Panamericana, _c2014 |
|
| 300 |
_a6 volúmenes (paginación varía) : _bilustraciones ; _c18 cm |
||
| 336 |
_2rdacontent _atexto _btxt |
||
| 337 |
_2rdamedia _asin medio _bn |
||
| 338 |
_2rdacarrier _avolumen _bnc |
||
| 505 | 0 |
_aTomo primero. _tLibro I: “Historia” de la metafísica: solo hay cuatro causas ; Libro II: La verdad universal. - |
|
| 505 | 0 |
_aTomo segundo. _tLibro III: Estudio crítico de la verdad ; Libro IV: Demostración de lo que estudia la metafísica. - |
|
| 505 | 0 |
_aTomo tercero. _tLibro V: El significado de los nombres ; Libro VI: El objeto de la metafísica. - |
|
| 505 | 0 |
_aTomo cuarto. _tLibro VII: La substancia. - |
|
| 505 | 0 |
_aTomo quinto: _tLibro VIII: Las substancias sensibles por sus principios propios ; Libro IX: El ente acto potencia ; Libro X: El ente como lo uno. - |
|
| 505 | 0 |
_aTomo sexto. _tLibro XI: Los nombres que significan los temas de la metafísica ; Libro XII: Modo de estudiar el ente. |
|
| 546 | _aTextos en griego de Bekker, latino de Moerbeke y bilingüe del comentario de Tomás de Aquino. | ||
| 650 | 4 | _aMetafísica | |
| 700 | 1 |
_aAquino, Tomás de, _etraductor |
|
| 700 | 1 |
_aMorán, Jorge, _etraductor |
|
| 700 | 1 |
_aJiménez, Oscar, _eeditor |
|
| 942 |
_2ddc _cLI _h110 _iA696 |
||
| 999 |
_c40514 _d40514 |
||